<?xml version="1.0" encoding="UTF-8"?>
<record
    xmlns:xsi="http://www.w3.org/2001/XMLSchema-instance"
    xsi:schemaLocation="http://www.loc.gov/MARC21/slim http://www.loc.gov/standards/marcxml/schema/MARC21slim.xsd"
    xmlns="http://www.loc.gov/MARC21/slim">

  <leader>01862nam a22002537a 4500</leader>
  <datafield tag="999" ind1=" " ind2=" ">
    <subfield code="c">67821</subfield>
    <subfield code="d">67821</subfield>
  </datafield>
  <controlfield tag="005">20260130091522.0</controlfield>
  <controlfield tag="008">      s2554    th ||||| |||| 00| 0 tha d</controlfield>
  <datafield tag="040" ind1=" " ind2=" ">
    <subfield code="a">NALT</subfield>
  </datafield>
  <datafield tag="050" ind1=" " ind2=" ">
    <subfield code="a">HD 38.5 </subfield>
    <subfield code="b">&#xE01;136&#xE01; 2554</subfield>
  </datafield>
  <datafield tag="100" ind1="0" ind2=" ">
    <subfield code="a">&#xE01;&#xE21;&#xE25;&#xE0A;&#xE19;&#xE01; &#xE2A;&#xE38;&#xE17;&#xE18;&#xE34;&#xE27;&#xE32;&#xE17;&#xE19;&#xE16;&#xE38;&#xE1E;&#xE38;&#xE12;&#xE34;</subfield>
    <subfield code="9">40949</subfield>
  </datafield>
  <datafield tag="245" ind1="1" ind2="0">
    <subfield code="a">&#xE01;&#xE32;&#xE23;&#xE2A;&#xE33;&#xE23;&#xE27;&#xE08;&#xE23;&#xE30;&#xE14;&#xE31;&#xE1A;&#xE0A;&#xE32;&#xE15;&#xE34;&#xE40;&#xE23;&#xE37;&#xE48;&#xE2D;&#xE07;&#xE01;&#xE32;&#xE23;&#xE1B;&#xE23;&#xE30;&#xE40;&#xE21;&#xE34;&#xE19;&#xE1C;&#xE25;&#xE25;&#xE31;&#xE1E;&#xE18;&#xE4C; &#xE02;&#xE2D;&#xE07;&#xE01;&#xE25;&#xE22;&#xE38;&#xE17;&#xE18;&#xE4C;&#xE42;&#xE25;&#xE08;&#xE34;&#xE2A;&#xE15;&#xE34;&#xE01;&#xE2A;&#xE4C;&#xE41;&#xE25;&#xE30;&#xE42;&#xE0B;&#xE48;&#xE2D;&#xE38;&#xE1B;&#xE17;&#xE32;&#xE19;&#xE17;&#xE35;&#xE48;&#xE21;&#xE35;&#xE15;&#xE48;&#xE2D;&#xE04;&#xE27;&#xE32;&#xE21;&#xE44;&#xE14;&#xE49;&#xE40;&#xE1B;&#xE23;&#xE35;&#xE22;&#xE1A;&#xE43;&#xE19;&#xE01;&#xE32;&#xE23;&#xE41;&#xE02;&#xE48;&#xE07;&#xE02;&#xE31;&#xE19;&#xE2D;&#xE22;&#xE48;&#xE32;&#xE07;&#xE22;&#xE31;&#xE48;&#xE07;&#xE22;&#xE37;&#xE19;&#xE02;&#xE2D;&#xE07;&#xE18;&#xE38;&#xE23;&#xE01;&#xE34;&#xE08;&#xE43;&#xE19;&#xE1B;&#xE23;&#xE30;&#xE40;&#xE17;&#xE28;&#xE44;&#xE17;&#xE22; /</subfield>
    <subfield code="c">&#xE01;&#xE21;&#xE25;&#xE0A;&#xE19;&#xE01; &#xE2A;&#xE38;&#xE17;&#xE18;&#xE34;&#xE27;&#xE32;&#xE17;&#xE19;&#xE16;&#xE38;&#xE1E;&#xE38;&#xE12;&#xE34;, &#xE18;&#xE32;&#xE23;&#xE17;&#xE31;&#xE28;&#xE19;&#xE4C; &#xE42;&#xE21;&#xE01;&#xE0A;&#xE21;&#xE23;&#xE23;&#xE04;&#xE01;&#xE38;&#xE25;, &#xE16;&#xE34;&#xE23;&#xE30; &#xE09;&#xE27;&#xE23;&#xE23;&#xE13;&#xE01;&#xE38;&#xE25;, &#xE2A;&#xE34;&#xE23;&#xE34;&#xE18;&#xE23; &#xE40;&#xE28;&#xE23;&#xE29;&#xE10;&#xE21;&#xE32;&#xE19;&#xE34;&#xE15;, &#xE01;&#xE24;&#xE29;&#xE13;&#xE32; &#xE1B;&#xE38;&#xE13;&#xE22;&#xE32;&#xE07;&#xE01;&#xE39;&#xE23;.</subfield>
  </datafield>
  <datafield tag="260" ind1=" " ind2=" ">
    <subfield code="a">&#xE01;&#xE23;&#xE38;&#xE07;&#xE40;&#xE17;&#xE1E;&#xE2F; : </subfield>
    <subfield code="b">&#xE04;&#xE13;&#xE30;&#xE1E;&#xE32;&#xE13;&#xE34;&#xE0A;&#xE22;&#xE28;&#xE32;&#xE2A;&#xE15;&#xE23;&#xE4C;&#xE41;&#xE25;&#xE30;&#xE01;&#xE32;&#xE23;&#xE1A;&#xE31;&#xE0D;&#xE0A;&#xE35; &#xE08;&#xE38;&#xE2C;&#xE32;&#xE25;&#xE07;&#xE01;&#xE23;&#xE13;&#xE4C;&#xE21;&#xE2B;&#xE32;&#xE27;&#xE34;&#xE17;&#xE22;&#xE32;&#xE25;&#xE31;&#xE22;, </subfield>
    <subfield code="c">2554</subfield>
  </datafield>
  <datafield tag="300" ind1=" " ind2=" ">
    <subfield code="a">170 &#xE2B;&#xE19;&#xE49;&#xE32; :</subfield>
    <subfield code="b">&#xE15;&#xE32;&#xE23;&#xE32;&#xE07; ;</subfield>
    <subfield code="c">29 &#xE0B;&#xE21;.</subfield>
  </datafield>
  <datafield tag="650" ind1=" " ind2="4">
    <subfield code="a">&#xE42;&#xE25;&#xE08;&#xE34;&#xE17;</subfield>
    <subfield code="9">40953</subfield>
  </datafield>
  <datafield tag="650" ind1=" " ind2="4">
    <subfield code="a">&#xE2D;&#xE38;&#xE1B;&#xE17;&#xE32;&#xE19;&#xE41;&#xE25;&#xE30;&#xE2D;&#xE38;&#xE1B;&#xE2A;&#xE07;&#xE04;&#xE4C;</subfield>
    <subfield code="9">40954</subfield>
  </datafield>
  <datafield tag="650" ind1=" " ind2="0">
    <subfield code="a">&#xE01;&#xE32;&#xE23;&#xE1A;&#xE23;&#xE34;&#xE2B;&#xE32;&#xE23;&#xE07;&#xE32;&#xE19;&#xE42;&#xE25;&#xE08;&#xE34;&#xE2A;&#xE15;&#xE34;&#xE01;&#xE2A;&#xE4C;</subfield>
    <subfield code="9">4600</subfield>
  </datafield>
  <datafield tag="700" ind1="0" ind2=" ">
    <subfield code="9">40948</subfield>
    <subfield code="a">&#xE01;&#xE24;&#xE29;&#xE13;&#xE32; &#xE1B;&#xE38;&#xE13;&#xE22;&#xE32;&#xE07;&#xE01;&#xE39;&#xE23;</subfield>
  </datafield>
  <datafield tag="700" ind1="0" ind2=" ">
    <subfield code="9">40950</subfield>
    <subfield code="a">&#xE18;&#xE32;&#xE23;&#xE17;&#xE31;&#xE28;&#xE19;&#xE4C; &#xE42;&#xE21;&#xE01;&#xE0A;&#xE21;&#xE23;&#xE23;&#xE04;&#xE01;&#xE38;&#xE25;</subfield>
  </datafield>
  <datafield tag="700" ind1="0" ind2=" ">
    <subfield code="9">40951</subfield>
    <subfield code="a">&#xE16;&#xE34;&#xE23;&#xE30; &#xE09;&#xE27;&#xE23;&#xE23;&#xE13;&#xE01;&#xE38;&#xE25;</subfield>
  </datafield>
  <datafield tag="700" ind1="0" ind2=" ">
    <subfield code="9">40952</subfield>
    <subfield code="a">&#xE2A;&#xE34;&#xE23;&#xE34;&#xE18;&#xE23; &#xE40;&#xE28;&#xE23;&#xE29;&#xE10;&#xE21;&#xE32;&#xE19;&#xE34;&#xE15;</subfield>
  </datafield>
  <datafield tag="850" ind1=" " ind2=" ">
    <subfield code="a">NALT</subfield>
  </datafield>
  <datafield tag="942" ind1=" " ind2=" ">
    <subfield code="c">RSH</subfield>
    <subfield code="2">lcc</subfield>
  </datafield>
  <datafield tag="998" ind1=" " ind2=" ">
    <subfield code="j">1020</subfield>
    <subfield code="k"> &#xE19;&#xE32;&#xE07;&#xE08;&#xE33;&#xE40;&#xE23;&#xE35;&#xE22;&#xE07;  &#xE23;&#xE30;&#xE27;&#xE31;&#xE07;&#xE2A;&#xE33;&#xE42;&#xE23;&#xE07;</subfield>
  </datafield>
  <datafield tag="952" ind1=" " ind2=" ">
    <subfield code="0">0</subfield>
    <subfield code="1">0</subfield>
    <subfield code="2">lcc</subfield>
    <subfield code="4">0</subfield>
    <subfield code="7">0</subfield>
    <subfield code="8">CRSH</subfield>
    <subfield code="a">NALT</subfield>
    <subfield code="b">NALT</subfield>
    <subfield code="e">&#xE1A;&#xE23;&#xE34;&#xE08;&#xE32;&#xE04;</subfield>
    <subfield code="l">0</subfield>
    <subfield code="o">&#xE27; HD 38.5 &#xE01;136&#xE01; 2554</subfield>
    <subfield code="p">3961192074</subfield>
    <subfield code="r">2017-06-09 00:00:00</subfield>
    <subfield code="w">2017-06-09</subfield>
    <subfield code="y">RSH</subfield>
  </datafield>
</record>
